00321nam a2200121Ia 4500008004100000041000800041082001700049100002200066245004500088260003300133300002400166365000900190240624s9999 xx 000 0 und d aeng a658.4092 PHI aPHILLIPS DONALD T aFOUNDING FATHERS ON LEADERSHIP CLASSIC T c1997aNew YorkbWarner Books a264 : p. : cm. ; 21 cb30